[Event "Douglas Major & Minor op"]
[Site "Douglas"]
[Date "2023.10.28"]
[Round "1"]
[White "Dyshliuk, Fedir"]
[Black "Fleming, Andrew J"]
[Result "1-0"]
[WhiteElo "1393"]
[BlackElo "1872"]
[PlyCount "63"]
[EventDate "2023.10.28"]
[EventType "swiss"]
[EventRounds "7"]
[EventCountry "IOM"]
[SourceTitle "CBM 217 Extra"]
[Source "ChessBase"]
[SourceDate "2024.01.31"]
[SourceVersion "1"]
[SourceVersionDate "2024.01.31"]
[SourceQuality "1"]

1. e4 e6 2. d4 d5 3. exd5 exd5 4. Nf3 Nf6 5. Bd3 Be7 6. 0-0 0-0 7. Bf4 Bg4 8. Nbd2 Nbd7 9. Re1 c5 10. c3 c4 11. Be2 Re8 12. Ne5 Bxe2 13. Qxe2 Bd6 14. Qf3 Qc7 15. Nxd7 Qxd7 16. b3 Bxf4 17. Qxf4 b5 18. Re5 Re6 19. Rae1 Rc6 20. Re7 Qc8 21. bxc4 bxc4 22. Nf3 Rb6 23. Ng5 Rb7 24. Nxf7 Rxe7 25. Rxe7 Rb8 26. h3 Rb7 27. Nd6 Rb1+ 28. Kh2 Qb8 29. g3 Rb2 30. Qf5 Kf8 31. Qe6 Rxf2+ 32. Kg1 1-0